Loading...
Fine Arts - Visual Fine Arts | 2 | 3 | 0 | 2 | 60 | 59 | 100.20 | 2 | 4 |
Beliefs | 4 | 1 | 2 | 0 | 60 | 36 | 63.20 | 3 | 5 |
Literature - European Literature | 1 | 4 | 0 | 1 | 55 | 40 | 107.20 | 1 | 5 |
Fine Arts - Auditory Fine Arts | 0 | 4 | 0 | 2 | 40 | 82 | 108.50 | 0 | 4 |
Other Arts: Auditory | 1 | 2 | 1 | 0 | 30 | 80 | 83.33 | 0 | 2 |
Science - Physics | 0 | 3 | 0 | 0 | 30 | 73 | 98.33 | 0 | 2 |
Literature - British Literature | 1 | 2 | 1 | 1 | 30 | 58 | 89.33 | 1 | 3 |
Literature - American Literature | 0 | 2 | 0 | 0 | 20 | 103 | 112.50 | 0 | 2 |
History - European History | 1 | 0 | 0 | 0 | 15 | 55 | 55.00 | 0 | 1 |
Philosophy | 0 | 2 | 1 | 1 | 15 | 90 | 98.50 | 0 | 1 |
World and Other Literature | 0 | 1 | 0 | 0 | 10 | 147 | 147.00 | 0 | 1 |
Current Events | 0 | 1 | 0 | 0 | 10 | 59 | 59.00 | 0 | 0 |
Social Science | 0 | 1 | 0 | 0 | 10 | 94 | 94.00 | 1 | 1 |
Ancient History and Archaeology | 0 | 1 | 0 | 0 | 10 | 80 | 80.00 | 0 | 1 |
Science - Biology | 0 | 1 | 0 | 0 | 10 | 115 | 115.00 | 0 | 1 |
Science - Chemistry | 0 | 1 | 0 | 0 | 10 | 110 | 110.00 | 0 | 1 |
Other Arts: Visual | 0 | 1 | 1 | 0 | 5 | 124 | 124.00 | 0 | 1 |
History - World History | 0 | 0 | 1 | 0 | -5 | 0.00 | 0 | 0 |